[Event "Lagoas op 4th"]
[Site "Lagoas"]
[Date "2019.09.29"]
[Round "5"]
[White "Brito, Luismar Jorge"]
[Black "Sirahata Hasegava, Flavia"]
[Result "1-0"]
[WhiteElo "2222"]
[BlackElo "1556"]
[PlyCount "105"]
[EventDate "2019.09.27"]
[EventType "swiss"]
[EventRounds "5"]
[EventCountry "BRA"]
[SourceTitle "EXT 2020"]
[Source "ChessBase"]
[SourceDate "2019.10.17"]
[SourceVersion "1"]
[SourceVersionDate "2019.10.17"]
[SourceQuality "1"]

1. Nc3 Nf6 2. Nf3 g6 3. e4 d6 4. Bc4 Nc6 5. h3 Bg7 6. d4 0-0 7. Qe2 Ne8 8. e5 dxe5 9. dxe5 e6 10. Bg5 f6 11. exf6 Bxf6 12. Bxe6+ Kh8 13. Rd1 Nd6 14. Bxc8 Qxc8 15. 0-0 Qe8 16. Bxf6+ Rxf6 17. Qxe8+ Rxe8 18. Nd5 Rf7 19. Nxc7 Rxc7 20. Rxd6 Re2 21. Rd2 Rxd2 22. Nxd2 Nb4 23. c3 Nd3 24. Rb1 Re7 25. Kf1 Kg7 26. f3 Re6 27. b3 Re3 28. Nc4 Re6 29. Rd1 Nc5 30. Rd5 b6 31. Kf2 Kf6 32. h4 h6 33. g4 Ke7 34. Nd2 Rd6 35. Rxd6 Kxd6 36. Ke3 Ke5 37. f4+ Kd5 38. c4+ Ke6 39. Kd4 Nd7 40. Ne4 h5 41. gxh5 gxh5 42. Ng3 Nf6 43. b4 a6 44. a3 Nd7 45. f5+ Kd6 46. Nxh5 Ke7 47. Kd5 a5 48. c5 axb4 49. axb4 bxc5 50. bxc5 Nf8 51. c6 Nh7 52. f6+ Nxf6+ 53. Nxf6 1-0

[Event "Campo Grande FESMAX 33th"]
[Site "Campo Grande"]
[Date "2018.12.22"]
[Round "6"]
[White "Souza dos Santos, Matheus Garcett"]
[Black "Sirahata Hasegava, Flavia"]
[Result "1-0"]
[WhiteElo "1881"]
[BlackElo "1516"]
[PlyCount "59"]
[EventDate "2018.12.14"]
[EventType "tourn"]
[EventRounds "7"]
[EventCountry "BRA"]
[SourceTitle "EXT 2022"]
[Source "ChessBase"]
[SourceDate "2021.10.06"]
[SourceVersion "1"]
[SourceVersionDate "2021.10.06"]
[SourceQuality "1"]

1. e4 c5 2. Nf3 d6 3. d4 cxd4 4. Nxd4 Nf6 5. Nc3 a6 6. Be3 e6 7. g4 Be7 8. g5 Nfd7 9. h4 Nc6 10. f4 Qc7 11. Qe2 b5 12. 0-0-0 Nb6 13. Bg2 Bb7 14. Nd5 Nxd5 15. exd5 Nd8 16. dxe6 Nxe6 17. Bxb7 Qxb7 18. f5 Nxd4 19. Bxd4 f6 20. gxf6 gxf6 21. Bxf6 Rf8 22. Qh5+ Kd8 23. Bxe7+ Qxe7 24. Rhe1 Qf7 25. Qg5+ Kc8 26. Rxd6 Ra7 27. Ree6 Qxf5 28. Re8+ Kc7 29. Qe7+ Qd7 30. Qxd7# 1-0

[Event "Campo Grande FESMAX 33th"]
[Site "Campo Grande"]
[Date "2018.12.14"]
[Round "1"]
[White "Felicio, Leonardo Demetrio"]
[Black "Sirahata Hasegava, Flavia"]
[Result "1-0"]
[WhiteElo "1892"]
[BlackElo "1516"]
[PlyCount "133"]
[EventDate "2018.12.14"]
[EventType "tourn"]
[EventRounds "7"]
[EventCountry "BRA"]
[SourceTitle "EXT 2022"]
[Source "ChessBase"]
[SourceDate "2021.10.06"]
[SourceVersion "1"]
[SourceVersionDate "2021.10.06"]
[SourceQuality "1"]

1. e4 c5 2. Nf3 d6 3. d4 cxd4 4. Nxd4 Nf6 5. Nc3 a6 6. Bc4 e5 7. Nf3 b5 8. Bb3 Bb7 9. Bg5 Be7 10. Bxf6 Bxf6 11. Nd5 Nd7 12. c3 Nb6 13. 0-0 0-0 14. Re1 Nxd5 15. Bxd5 Bxd5 16. Qxd5 Qb6 17. Red1 Rad8 18. Ne1 g6 19. Nc2 Bg7 20. Ne3 h6 21. Rd2 Rd7 22. Qd3 Qc6 23. Nd5 f5 24. Rad1 f4 25. Qh3 Rff7 26. Qe6 Kh7 27. f3 a5 28. b3 Qc8 29. Kf1 Qd8 30. c4 bxc4 31. bxc4 Rb7 32. c5 dxc5 33. Nxf4 Qb6 34. Qxb6 Rxb6 35. Nd5 Rb8 36. Rc2 Bf8 37. Ke2 Kg7 38. Rd3 Rfb7 39. Ne3 a4 40. Nc4 Kf6 41. Rd5 Re8 42. Kd2 Rb1 43. Nb2 a3 44. Nc4 Ra1 45. Rd3 Ra8 46. Rxa3 Rd8+ 47. Rd3 Ra8 48. a3 Rh1 49. h3 Rg1 50. Kc3 Rb1 51. Rb2 Rc1+ 52. Rc2 Rb1 53. Rd5 Re8 54. a4 Ra1 55. a5 Re6 56. Rd7 Rb1 57. Ra7 Be7 58. Ra8 Ra1 59. Kb2 Ra4 60. Kb3 Rb4+ 61. Kc3 Ra4 62. Ne3 h5 63. Nd5+ Kg5 64. Re8 Rxa5 65. Rxe7 Rxe7 66. Nxe7 Ra3+ 67. Kc4 1-0

[Event "Caioba Telecom op"]
[Site "Caioba"]
[Date "2018.08.03"]
[Round "6"]
[White "Sirahata Hasegava, Flavia"]
[Black "Boabaid, Jorge Alberto Duard"]
[Result "0-1"]
[WhiteElo "1514"]
[BlackElo "1819"]
[PlyCount "144"]
[EventDate "2018.08.01"]
[EventType "swiss"]
[EventRounds "9"]
[EventCountry "BRA"]
[SourceTitle "CBM 186 Extra"]
[Source "ChessBase"]
[SourceDate "2018.08.24"]
[SourceVersion "1"]
[SourceVersionDate "2018.08.24"]
[SourceQuality "1"]

1. e4 c5 2. Nf3 d6 3. d4 cxd4 4. Nxd4 Nf6 5. Nc3 a6 6. f3 Nc6 7. Be3 e6 8. Qd2 Be7 9. g4 Qc7 10. h4 Ne5 11. h5 b5 12. g5 Nfd7 13. f4 Nc4 14. Bxc4 Qxc4 15. Rh2 Bb7 16. g6 b4 17. gxf7+ Kxf7 18. Nce2 Bxe4 19. Ng3 Nf6 20. Nxe4 Nxe4 21. Qe2 Rhc8 22. Qxc4 Rxc4 23. Nf3 Rac8 24. Kd1 h6 25. Nd2 Nxd2 26. Rxd2 d5 27. Rc1 Bf6 28. Rb1 Re4 29. Re2 d4 30. Bd2 Rxe2 31. Kxe2 Rxc2 32. Kd3 Rc5 33. Rh1 a5 34. Rh2 Ke7 35. Rh1 Kd6 36. Rh2 e5 37. fxe5+ Bxe5 38. Rh1 Bf6 39. Bf4+ Ke6 40. Bd2 Kf5 41. Rg1 Re5 42. Rf1+ Kg4 43. Bxh6 Rxh5 44. Rg1+ Kf5 45. Bxg7 Rh3+ 46. Kc4 Bxg7 47. Rxg7 Rh2 48. Kxd4 Rxb2 49. Rh7 Rxa2 50. Rh5+ Kf4 51. Kc4 Ra3 52. Rh4+ Kg5 53. Rh8 Rf3 54. Kb5 Rf5+ 55. Ka4 Kf4 56. Re8 Re5 57. Rc8 Ke4 58. Rd8 Rd5 59. Re8+ Kd4 60. Rc8 Rc5 61. Rd8+ Kc3 62. Rh8 Kb2 63. Rh2+ Rc2 64. Rh5 b3 65. Kxa5 Rc4 66. Kb5 Rg4 67. Rh2+ Ka3 68. Rh8 b2 69. Rh3+ Ka2 70. Rh2 Ka1 71. Rh1+ b1Q+ 72. Rxb1+ Kxb1 0-1

[Event "Brazil Foz do Iguacu op"]
[Site "Foz do Iguacu"]
[Date "2018.05.17"]
[Round "4"]
[White "Sirahata Hasegava, Flavia"]
[Black "Rodio, Julia Brunetto"]
[Result "0-1"]
[WhiteElo "1484"]
[BlackElo "1725"]
[PlyCount "56"]
[EventDate "2018.05.16"]
[EventType "swiss"]
[EventRounds "9"]
[EventCountry "BRA"]
[SourceTitle "CBM 184 Extra"]
[Source "ChessBase"]
[SourceDate "2018.06.28"]
[SourceVersion "1"]
[SourceVersionDate "2018.06.28"]
[SourceQuality "1"]

1. e4 c5 2. Nf3 d6 3. d4 cxd4 4. Nxd4 Nf6 5. Nc3 a6 6. f3 e5 7. Nb3 Be6 8. Be3 Nbd7 9. Qd2 b5 10. g4 Nb6 11. h4 Be7 12. h5 Rc8 13. Bxb6 Qxb6 14. g5 Nd7 15. Nd5 Bxd5 16. exd5 Nc5 17. c3 Na4 18. Rb1 Qd8 19. Rg1 g6 20. hxg6 hxg6 21. Rg2 Rh5 22. f4 exf4 23. Qxf4 Bxg5 24. Re2+ Kf8 25. Qf3 Qf6 26. Bg2 Bh4+ 27. Kd2 Bg5+ 28. Ke1 Qxf3 0-1

[Event "Tabapua IRT U2200 1st"]
[Site "Tabapua"]
[Date "2015.11.08"]
[Round "5.13"]
[White "Arduini, Leonardo Adolfo"]
[Black "Sirahata Hasegava, Flavia"]
[Result "1-0"]
[WhiteElo "1663"]
[BlackElo "1574"]
[PlyCount "145"]
[EventDate "2015.11.07"]
[EventType "swiss"]
[EventRounds "5"]
[EventCountry "BRA"]
[SourceTitle "EXT 2022"]
[Source "ChessBase"]
[SourceDate "2021.10.06"]
[SourceVersion "1"]
[SourceVersionDate "2021.10.06"]
[SourceQuality "1"]

1. e4 c5 2. Nf3 d6 3. c3 Nf6 4. Qc2 e6 5. d4 cxd4 6. cxd4 Be7 7. Nc3 a6 8. Bd3 Nc6 9. Bg5 h6 10. Bh4 0-0 11. Rd1 Nb4 12. Qb1 Nxd3+ 13. Qxd3 b5 14. e5 dxe5 15. dxe5 Nd7 16. Qe4 Rb8 17. Bxe7 Qxe7 18. 0-0 Bb7 19. Qe2 Nb6 20. Rd2 Nd5 21. Rfd1 Nxc3 22. bxc3 Bd5 23. Nd4 Rfd8 24. a4 bxa4 25. Qxa6 Rdc8 26. Rc1 Qg5 27. f4 Qxf4 28. Qe2 Bc4 29. Qe1 Rc5 30. Nf3 Rd5 31. Rf2 Qf5 32. Nd2 Qd3 33. Nxc4 Qxc4 34. h3 Rbd8 35. Qf1 Qxf1+ 36. Rfxf1 Rxe5 37. c4 Rc8 38. Rf3 Rec5 39. Rfc3 Kf8 40. Kf2 Ke7 41. Ke3 Ra8 42. Kd4 Rc7 43. Ra3 Rd8+ 44. Kc3 Ra7 45. c5 Rc8 46. Kb4 Rb7+ 47. Kc4 Ra8 48. c6 Rc7 49. Kc5 e5 50. Kb6 Rac8 51. Rxa4 Kd6 52. Rd1+ Ke6 53. Rc4 f5 54. g3 g5 55. Rc5 f4 56. gxf4 exf4 57. Rdd5 Ke7 58. Re5+ Kf6 59. h4 gxh4 60. Rf5+ Ke6 61. Rxf4 h3 62. Rh4 Kd6 63. Rxh6+ Ke7 64. Re5+ Kf7 65. Rh7+ Kf6 66. Rxc7 Rxc7 67. Rh5 Re7 68. Rxh3 Re1 69. Rb3 Rc1 70. Kb7 Ke7 71. c7 Kd7 72. c8Q+ Rxc8 73. Rd3+ 1-0

[Event "Tabapua IRT U2200 1st"]
[Site "Tabapua"]
[Date "2015.11.07"]
[Round "2.1"]
[White "Sirahata Hasegava, Flavia"]
[Black "Oliveira, Fernando Henrique"]
[Result "0-1"]
[WhiteElo "1574"]
[BlackElo "2186"]
[PlyCount "72"]
[EventDate "2015.11.07"]
[EventType "swiss"]
[EventRounds "5"]
[EventCountry "BRA"]
[SourceTitle "EXT 2022"]
[Source "ChessBase"]
[SourceDate "2021.10.06"]
[SourceVersion "1"]
[SourceVersionDate "2021.10.06"]
[SourceQuality "1"]

1. e4 c5 2. Nf3 e6 3. d4 cxd4 4. Nxd4 a6 5. Nc3 Qc7 6. Bd2 b5 7. Bd3 Bb7 8. 0-0 Nf6 9. Re1 d6 10. Kh1 h5 11. Nf3 Nbd7 12. Qe2 Ne5 13. Nd1 Be7 14. Nxe5 dxe5 15. f3 h4 16. c4 b4 17. Bc2 Nh5 18. Ba4+ Kf8 19. Be3 Nf4 20. Bxf4 exf4 21. Nf2 Bc5 22. Bb3 a5 23. Nd1 h3 24. Ba4 Rh5 25. Nf2 hxg2+ 26. Kxg2 e5 27. Rh1 Qe7 28. Kf1 Rd8 29. Rd1 Bd4 30. b3 Qh4 31. Bb5 Bc8 32. Rc1 Rg5 33. Ba4 Bh3+ 34. Nxh3 Qxh3+ 35. Ke1 Rg2 36. Qf1 Bc3+ 0-1

[Event "Ribeirao Preto Recra Chess 1st"]
[Site "Ribeirao Preto"]
[Date "2015.10.25"]
[Round "5.7"]
[White "Sirahata Hasegava, Flavia"]
[Black "Nunes da Silva, Diego"]
[Result "0-1"]
[WhiteElo "1574"]
[BlackElo "1576"]
[PlyCount "96"]
[EventDate "2015.10.24"]
[EventType "swiss"]
[EventRounds "5"]
[EventCountry "BRA"]
[SourceTitle "EXT 2022"]
[Source "ChessBase"]
[SourceDate "2021.10.06"]
[SourceVersion "1"]
[SourceVersionDate "2021.10.06"]
[SourceQuality "1"]

1. e4 e5 2. Nf3 Nc6 3. Bc4 Bc5 4. c3 Nf6 5. d4 exd4 6. cxd4 Bb4+ 7. Bd2 Nxe4 8. Bxb4 Nxb4 9. Bxf7+ Kxf7 10. Qb3+ d5 11. Ne5+ Ke8 12. Qxb4 Qe7 13. Qxe7+ Kxe7 14. f3 Nd6 15. Nc3 c6 16. 0-0-0 Nf7 17. Rhe1 Be6 18. Re2 Nxe5 19. Rxe5 Kd7 20. Na4 b6 21. Rde1 Rae8 22. Kd2 Bf7 23. Rxe8 Rxe8 24. Rxe8 Bxe8 25. b4 Kd6 26. Nc3 c5 27. dxc5+ bxc5 28. bxc5+ Kxc5 29. g3 Bb5 30. Nxb5 Kxb5 31. Kd3 Kc5 32. Kc3 d4+ 33. Kd3 Kd5 34. f4 g6 35. g4 a5 36. h3 a4 37. a3 h6 38. h4 h5 39. gxh5 gxh5 40. f5 Ke5 41. f6 Kxf6 42. Kxd4 Kf5 43. Kc4 Kg4 44. Kb4 Kxh4 45. Kxa4 Kg3 46. Kb5 h4 47. a4 h3 48. a5 h2 0-1

[Event "Ribeirao Preto Recra Chess 1st"]
[Site "Ribeirao Preto"]
[Date "2015.10.24"]
[Round "1.3"]
[White "Sirahata Hasegava, Flavia"]
[Black "Duarte, Alexandre Augusto"]
[Result "1/2-1/2"]
[WhiteElo "1574"]
[BlackElo "1915"]
[PlyCount "55"]
[EventDate "2015.10.24"]
[EventType "swiss"]
[EventRounds "5"]
[EventCountry "BRA"]
[SourceTitle "EXT 2022"]
[Source "ChessBase"]
[SourceDate "2021.10.06"]
[SourceVersion "1"]
[SourceVersionDate "2021.10.06"]
[SourceQuality "1"]

1. e4 c5 2. Nf3 e6 3. d4 cxd4 4. Nxd4 a6 5. Be3 Nf6 6. f3 Nc6 7. Qd2 Qc7 8. Bd3 b5 9. 0-0 Nxd4 10. Bxd4 Bc5 11. Qf2 Bxd4 12. Qxd4 Bb7 13. Nd2 Rc8 14. Rac1 Qc5 15. c3 e5 16. Qxc5 Rxc5 17. Nb3 Rc7 18. c4 b4 19. c5 Bc6 20. Bxa6 Ra7 21. Bc4 Rxa2 22. Nd4 Rxb2 23. Nxc6 dxc6 24. Rb1 Rc2 25. Rxb4 0-0 26. Rd1 Ra8 27. Bf1 Rxc5 28. Rc4 1/2-1/2

[Event "Ribeirao Preto Recra Chess 1st"]
[Site "Ribeirao Preto"]
[Date "2015.10.24"]
[Round "3.8"]
[White "Sirahata Hasegava, Flavia"]
[Black "Meirelles, Olyntho Vitoria"]
[Result "1-0"]
[WhiteElo "1574"]
[BlackElo "1503"]
[PlyCount "139"]
[EventDate "2015.10.24"]
[EventType "swiss"]
[EventRounds "5"]
[EventCountry "BRA"]
[SourceTitle "EXT 2022"]
[Source "ChessBase"]
[SourceDate "2021.10.06"]
[SourceVersion "1"]
[SourceVersionDate "2021.10.06"]
[SourceQuality "1"]

1. e4 c6 2. d4 d5 3. Nc3 dxe4 4. Nxe4 Bf5 5. Ng3 Nf6 6. Nf3 Bg4 7. Be2 e6 8. h3 Bxf3 9. Bxf3 Nbd7 10. 0-0 Bd6 11. Ne4 Nxe4 12. Bxe4 Nf6 13. Bf3 h6 14. Re1 0-0 15. c3 Re8 16. Qb3 Rb8 17. Be3 Qc7 18. Re2 Nd5 19. Bxd5 exd5 20. Rae1 Re6 21. Bd2 Rbe8 22. Rxe6 Rxe6 23. Rxe6 fxe6 24. Qd1 Qf7 25. Qg4 Kh8 26. Kf1 c5 27. Be3 b6 28. Ke2 c4 29. Kd2 h5 30. Qg5 Be7 31. Qg3 Qf5 32. Kc1 Qd3 33. Bf4 Qf1+ 34. Kc2 Qe2+ 35. Kc1 h4 36. Qf3 Qxf3 37. gxf3 g5 38. Be5+ Kh7 39. Kd2 Kg6 40. Ke3 a5 41. b3 b5 42. b4 Kf5 43. a3 Bf6 44. Bxf6 Kxf6 45. f4 Kf5 46. fxg5 Kxg5 47. f4+ Kf5 48. Kf3 Kg6 49. Kg4 Kf6 50. Kxh4 Kf5 51. Kg3 Kg6 52. Kg4 Kf6 53. h4 Kg6 54. h5+ Kh6 55. f5 exf5+ 56. Kxf5 Kxh5 57. Ke5 Kg4 58. Kxd5 Kf4 59. Kc6 Ke4 60. d5 Kd3 61. d6 Kxc3 62. d7 Kb3 63. d8Q c3 64. Qd3 Kb2 65. Kb6 c2 66. Qxc2+ Kxc2 67. Kxa5 Kb3 68. Kxb5 Kxa3 69. Ka5 Kb3 70. b5 1-0

[Event "Goiania-ch U20 Girls"]
[Site "Goiania"]
[Date "2015.10.09"]
[Round "2.1"]
[White "Di Simoni, Rafaela Moura"]
[Black "Sirahata Hasegava, Flavia"]
[Result "1/2-1/2"]
[WhiteElo "1473"]
[BlackElo "1574"]
[PlyCount "57"]
[EventDate "2015.10.09"]
[EventType "swiss"]
[EventRounds "7"]
[EventCountry "BRA"]
[SourceTitle "EXT 2022"]
[Source "ChessBase"]
[SourceDate "2021.10.06"]
[SourceVersion "1"]
[SourceVersionDate "2021.10.06"]
[SourceQuality "1"]

1. d4 Nf6 2. c4 g6 3. Nc3 Bg7 4. e4 d6 5. Nf3 0-0 6. Be2 e5 7. 0-0 Nc6 8. d5 Ne7 9. b4 Ne8 10. c5 f5 11. Nd2 Nf6 12. f3 f4 13. Nc4 g5 14. Ba3 Rf7 15. b5 Ng6 16. cxd6 Bf8 17. dxc7 Qxc7 18. Qb3 Bc5+ 19. Kh1 Bxa3 20. Qxa3 Qe7 21. Na4 Qxa3 22. Nxa3 Ne8 23. Rac1 b6 24. Rc3 Rc7 25. Rxc7 Nxc7 26. Rc1 Ne8 27. Nc2 Bb7 28. Nb4 h6 29. Rc2 1/2-1/2

[Event "Campo Grande Circuito Estadual"]
[Site "Campo Grande"]
[Date "2015.09.13"]
[Round "5.4"]
[White "Sirahata Hasegava, Flavia"]
[Black "De Moura, Fernando Alves"]
[Result "1/2-1/2"]
[WhiteElo "1531"]
[BlackElo "1797"]
[PlyCount "125"]
[EventDate "2015.09.12"]
[EventType "swiss"]
[EventRounds "5"]
[EventCountry "BRA"]
[SourceTitle "EXT 2022"]
[Source "ChessBase"]
[SourceDate "2021.10.06"]
[SourceVersion "1"]
[SourceVersionDate "2021.10.06"]
[SourceQuality "1"]

1. e4 e6 2. d4 d5 3. Nc3 dxe4 4. Nxe4 Bd7 5. Nf3 Bc6 6. Bd3 Nd7 7. 0-0 Ngf6 8. Nxf6+ Qxf6 9. Bg5 Bxf3 10. Qxf3 Qxg5 11. Qxb7 Qd8 12. Be4 Rb8 13. Qxa7 Bd6 14. g3 Rxb2 15. Rab1 Rxb1 16. Rxb1 0-0 17. Rb7 Qa8 18. Qxa8 Rxa8 19. Rxc7 Bxc7 20. Bxa8 Ba5 21. Bf3 Bc3 22. d5 exd5 23. Bxd5 Kf8 24. Kf1 Ke7 25. Ke2 Nc5 26. f3 f6 27. Bb3 Nxb3 28. axb3 Kd6 29. Kd3 Ba5 30. Kd4 Bb6+ 31. Kc4 Bg1 32. h3 Bf2 33. g4 Kc6 34. Kb4 Kd5 35. Kb5 Kd4 36. c4 Be1 37. c5 Kd5 38. c6 Bg3 39. Kb6 Bf2+ 40. Kb5 Bg3 41. b4 Bc7 42. h4 g5 43. h5 h6 44. Ka6 Kxc6 45. b5+ Kc5 46. Kb7 Bb6 47. Ka6 Bd8 48. Kb7 Kxb5 49. Kc8 Ba5 50. Kd7 Kc5 51. Ke6 Bc3 52. Kf5 Kd5 53. Kg6 Ke5 54. Kxh6 Kf4 55. Kg6 Kxf3 56. Kf5 Bb4 57. h6 Bf8 58. h7 Bg7 59. Kg6 Bh8 60. Kf7 f5 61. gxf5 g4 62. f6 g3 63. Ke7 1/2-1/2

[Event "Tres Lagoas nt"]
[Site "Tres Lagoas"]
[Date "2015.08.09"]
[Round "4.3"]
[White "Sirahata Hasegava, Flavia"]
[Black "Cristino, Felipe Borges"]
[Result "0-1"]
[WhiteElo "1531"]
[BlackElo "1870"]
[PlyCount "68"]
[EventDate "2015.08.08"]
[EventType "swiss"]
[EventRounds "5"]
[EventCountry "BRA"]
[SourceTitle "EXT 2022"]
[Source "ChessBase"]
[SourceDate "2021.10.06"]
[SourceVersion "1"]
[SourceVersionDate "2021.10.06"]
[SourceQuality "1"]

1. e4 Nc6 2. Bc4 Nf6 3. d3 e6 4. c3 d5 5. exd5 exd5 6. Bb5 Bg4 7. f3 Bd7 8. d4 Nh5 9. Qe2+ Be6 10. Qe5 Nf6 11. Bg5 Bd6 12. Bxf6 gxf6 13. Qe2 f5 14. g3 f4 15. g4 h5 16. h3 Qh4+ 17. Kf1 0-0-0 18. Bxc6 bxc6 19. g5 Rhg8 20. Qf2 Qxg5 21. Rh2 Bf5 22. Ne2 Bd3 23. Nd2 Rde8 24. Re1 Re3 25. h4 Qg6 26. Rh1 Be7 27. Rh3 c5 28. a3 cxd4 29. cxd4 Bf6 30. Rh2 Bxd4 31. Qg2 Rxe2 32. Rxe2 Bxe2+ 33. Ke1 Qxg2 34. Rxg2 Rxg2 0-1

[Event "Tres Lagoas nt"]
[Site "Tres Lagoas"]
[Date "2015.08.08"]
[Round "3.4"]
[White "Belquior Minari, Maria Fernanda"]
[Black "Sirahata Hasegava, Flavia"]
[Result "0-1"]
[WhiteElo "1800"]
[BlackElo "1531"]
[PlyCount "34"]
[EventDate "2015.08.08"]
[EventType "swiss"]
[EventRounds "5"]
[EventCountry "BRA"]
[SourceTitle "EXT 2022"]
[Source "ChessBase"]
[SourceDate "2021.10.06"]
[SourceVersion "1"]
[SourceVersionDate "2021.10.06"]
[SourceQuality "1"]

1. d4 Nf6 2. Nf3 e6 3. b3 Be7 4. Ba3 b6 5. e3 Bb7 6. Ne5 Bxa3 7. Nxa3 0-0 8. g3 Bxh1 9. Nf3 Bxf3 10. Qxf3 Nc6 11. 0-0-0 a6 12. Bd3 d5 13. g4 Qe7 14. h4 Qxa3+ 15. Kb1 Nb4 16. g5 Nxa2 17. gxf6 Nc3# 0-1

[Event "South America-ch U14 Girls 11th"]
[Site "Montevideo"]
[Date "2014.09.14"]
[Round "9"]
[White "Suito Nakasone, Catherine"]
[Black "Sirahata Hasegava, Flavia"]
[Result "1-0"]
[WhiteElo "1712"]
[BlackElo "1526"]
[PlyCount "115"]
[EventDate "2014.09.08"]
[EventType "swiss"]
[EventRounds "9"]
[EventCountry "URU"]
[SourceTitle "EXT 2016"]
[Source "ChessBase"]
[SourceDate "2015.10.08"]
[SourceVersion "1"]
[SourceVersionDate "2015.10.08"]
[SourceQuality "1"]

1. e4 c5 2. Nc3 d6 3. g3 Nf6 4. Bg2 e6 5. d3 Be7 6. f4 a6 7. Nf3 Qc7 8. 0-0 0-0 9. h3 Nc6 10. g4 b5 11. Nh2 Rd8 12. g5 Ne8 13. f5 Ra7 14. Ng4 Bf8 15. Ne2 exf5 16. exf5 Bb7 17. g6 Ne5 18. Nxe5 dxe5 19. gxf7+ Qxf7 20. Ng3 Bxg2 21. Kxg2 Nf6 22. Qe2 Re8 23. Ne4 Nxe4 24. dxe4 Be7 25. Qg4 Kh8 26. Be3 Rc7 27. Rfd1 c4 28. c3 Bc5 29. Bxc5 Rxc5 30. Rd6 a5 31. Rad1 Rcc8 32. Rd7 Qf8 33. Qh4 Qf6 34. Qxf6 gxf6 35. R1d6 Rf8 36. Rb7 Rc5 37. Rdd7 Rfc8 38. Rxh7+ Kg8 39. Rbg7+ Kf8 40. Rg6 R8c7 41. Rxc7 Rxc7 42. Rxf6+ Kg7 43. Rb6 Rc5 44. a3 a4 45. Kf3 Kf7 46. h4 Kg7 47. h5 Kh7 48. f6 Kh6 49. Kg4 Kh7 50. Rb7+ Kg8 51. h6 Kh8 52. f7 Rc8 53. Re7 Rf8 54. Re8 Rxe8 55. fxe8Q+ Kh7 56. Kf5 b4 57. Qg6+ Kh8 58. Qg7# 1-0

[Event "South America-ch U14 Girls 11th"]
[Site "Montevideo"]
[Date "2014.09.08"]
[Round "1"]
[White "Encina, Guadalupe"]
[Black "Sirahata Hasegava, Flavia"]
[Result "1/2-1/2"]
[WhiteElo "1724"]
[BlackElo "1526"]
[PlyCount "77"]
[EventDate "2014.09.08"]
[EventType "swiss"]
[EventRounds "9"]
[EventCountry "URU"]
[SourceTitle "EXT 2016"]
[Source "ChessBase"]
[SourceDate "2015.10.08"]
[SourceVersion "1"]
[SourceVersionDate "2015.10.08"]
[SourceQuality "1"]

1. d4 Nf6 2. Bf4 g6 3. e3 Bg7 4. h3 0-0 5. Nf3 d6 6. Be2 Nbd7 7. 0-0 b6 8. c3 Bb7 9. Nbd2 c5 10. a4 h6 11. Qb3 Bd5 12. c4 Bb7 13. d5 Ne8 14. a5 a6 15. Ne4 Rb8 16. axb6 f5 17. Nc3 Qxb6 18. Qxb6 Nxb6 19. Ra3 Bc8 20. Rb3 Nd7 21. Rxb8 Nxb8 22. Na4 Nd7 23. Rb1 Nef6 24. Nd2 Ne4 25. Nxe4 fxe4 26. b4 cxb4 27. Rxb4 Kf7 28. Bd1 Ne5 29. Bxe5 Bxe5 30. Bc2 Bd7 31. Rb7 Bxa4 32. Bxa4 Rc8 33. Bc6 a5 34. Rb3 Rc7 35. Ra3 Ra7 36. Kf1 g5 37. Ke2 Bb2 38. Ra4 Bc3 39. f3 1/2-1/2

[Event "Pan American-ch U14 Girls"]
[Site "Oaxtepec"]
[Date "2014.07.16"]
[Round "9"]
[White "Sirahata Hasegava, Flavia"]
[Black "Roque Sola, Andrea"]
[Result "1/2-1/2"]
[WhiteElo "1492"]
[BlackElo "1644"]
[PlyCount "58"]
[EventDate "2014.07.11"]
[EventType "swiss"]
[EventRounds "9"]
[EventCountry "MEX"]
[SourceTitle "EXT 2022"]
[Source "ChessBase"]
[SourceDate "2021.10.06"]
[SourceVersion "1"]
[SourceVersionDate "2021.10.06"]
[SourceQuality "1"]

1. e4 e5 2. Nc3 Nc6 3. d3 h6 4. f4 d6 5. Be3 Nf6 6. h3 b6 7. Qd2 Bb7 8. g4 Be7 9. Bg2 Nh7 10. 0-0-0 Qd7 11. Nge2 0-0-0 12. Ng3 g6 13. Kb1 Kb8 14. f5 Bh4 15. fxg6 fxg6 16. Nge2 Ng5 17. Rdf1 Rhf8 18. Ng1 Rxf1+ 19. Bxf1 Rf8 20. Bg2 Ne6 21. Nf3 Bg3 22. Bxh6 Bf4 23. Bxf4 exf4 24. Rf1 Ne5 25. Ne2 Qh7 26. Neg1 g5 27. Qc3 Ng6 28. Nd4 Nxd4 29. Qxd4 Nh4 1/2-1/2

[Event "Pan American-ch U14 Girls"]
[Site "Oaxtepec"]
[Date "2014.07.14"]
[Round "6"]
[White "Monroy Garzon, Nataly Alejandra"]
[Black "Sirahata Hasegava, Flavia"]
[Result "1/2-1/2"]
[WhiteElo "1826"]
[BlackElo "1492"]
[PlyCount "74"]
[EventDate "2014.07.11"]
[EventType "swiss"]
[EventRounds "9"]
[EventCountry "MEX"]
[SourceTitle "EXT 2022"]
[Source "ChessBase"]
[SourceDate "2021.10.06"]
[SourceVersion "1"]
[SourceVersionDate "2021.10.06"]
[SourceQuality "1"]

1. d4 Nf6 2. Nf3 g6 3. c4 Bg7 4. Nc3 0-0 5. e4 d6 6. h3 e5 7. d5 Nbd7 8. Be3 Ne8 9. g4 c6 10. Bd3 cxd5 11. Nxd5 Nc5 12. Bc2 Be6 13. Bxc5 dxc5 14. Qd2 Bxd5 15. Qxd5 Qxd5 16. cxd5 Nd6 17. 0-0-0 Rac8 18. Kb1 Rfd8 19. h4 h6 20. Nd2 Nb5 21. Nf3 Nd4 22. Nxd4 cxd4 23. Bd3 Bf6 24. Rdf1 g5 25. h5 Be7 26. a3 Rc7 27. Rc1 Rdc8 28. Rxc7 Rxc7 29. Rc1 Rxc1+ 30. Kxc1 Kf8 31. Kc2 Ke8 32. b4 Kd8 33. Kb3 Kc7 34. a4 f6 35. Kc4 Bd6 36. f3 a6 37. a5 b6 1/2-1/2

[Event "BRA-ch Amateur"]
[Site "Sao Paulo"]
[Date "2013.02.10"]
[Round "4"]
[White "Haelvoet Correa, Guilherme"]
[Black "Sirahata Hasegava, Flavia"]
[Result "1-0"]
[WhiteElo "1851"]
[BlackElo "1486"]
[PlyCount "71"]
[EventDate "2013.02.09"]
[EventType "swiss"]
[EventRounds "7"]
[EventCountry "BRA"]
[SourceTitle "CBM 152 Extra"]
[Source "ChessBase"]
[SourceDate "2013.02.25"]
[SourceVersion "1"]
[SourceVersionDate "2013.02.25"]
[SourceQuality "1"]

1. d4 Nf6 2. c4 e6 3. Nf3 b6 4. Bg5 h6 5. Bh4 Bb7 6. e3 Be7 7. Bd3 0-0 8. 0-0 d5 9. cxd5 exd5 10. Bxf6 Bxf6 11. b4 Qd6 12. b5 a6 13. Nc3 Re8 14. Qb3 axb5 15. Nxb5 Qd8 16. Rac1 c6 17. Nc3 Nd7 18. Rc2 Ba6 19. Bxa6 Rxa6 20. Ne2 Qa8 21. Rfc1 Rc8 22. Nf4 Ra3 23. Qb2 Rb8 24. Rxc6 Rxa2 25. Qb1 Ra5 26. g3 Bd8 27. Qf5 Qb7 28. Qg4 Kh8 29. Nh5 g6 30. Nf4 Nf8 31. Ne5 Bg5 32. Rc7 Qa8 33. Nxf7+ Kg8 34. Nxh6+ Kh8 35. Qxg5 Nh7 36. Nxg6# 1-0